Estatísticas para 50 Nomes mais populares do Brasil começando com I

Clique aqui para jogar o quiz

Estatísticas Gerais

  • Esse quiz foi jogado 171 vezes
  • A pontuação média é 25 de 50

Estatísticas das Respostas

#NOMESFREQUÊNCIA% Correto
1Isabel/Izabel308.439
85%
3Isabela216.884
81%
2Igor266.642
80%
6Ivan131.234
77%
22Ivo63.090
75%
21Iago74.305
72%
5Ivone132.064
69%
8Isaac/Isaque/Isac99.290
65%
10Iara94.727
63%
7Ingrid102.959
63%
34Ian36.056
62%
9Ítalo96.817
60%
13Isabele/Isabeli89.906
59%
43Ivana24.212
59%
49Iran15.953
58%
4Irene137.496
58%
26Ivete47.806
58%
37Ícaro31.893
57%
15Inês85.586
57%
25Íris50.228
56%
17Isadora81.340
56%
18Ismael79.413
55%
47Ísis20.323
53%
45Irma21.975
52%
33Isaura37.278
50%
29Ivani44.328
50%
16Ivonete82.114
50%
11Israel94.325
48%
36Irineu32.648
46%
19Isaías78.969
46%
20Ilda76.562
45%
38Ilma31.722
44%
40Iúri29.257
44%
39Ione31.412
41%
30Irani39.543
41%
12Iraci90.802
39%
27Iasmin46.337
38%
42Ilza28.358
35%
24Iolanda54.423
35%
14Iracema88.145
35%
41Ieda28.766
33%
32Inácio37.465
33%
31Ivanete38.795
33%
23Ivanildo60.013
32%
35Ivanilda35.851
29%
28Itamar44.580
26%
44Idalina22.740
24%
50Ivaldo15.879
23%
46Ivaneide21.302
23%
48Inácia16.348
21%

Distribuição das Pontuações

Percentil de Números Respondidos

Porcentagem de Pessoas com Cada Pontuação

Sua Pontuação Histórica

Você não jogou esse quiz